[Event "Airthings Masters Div 3 L"]
[Site "chess.com INT"]
[Date "2023.02.06"]
[Round "1.1"]
[White "Sjugirov, Sanan"]
[Black "Theodorou, Nikolas"]
[Result "0-1"]
[WhiteTitle "GM"]
[BlackTitle "GM"]
[WhiteElo "2712"]
[BlackElo "2584"]
[WhiteFideId "4189302"]
[BlackFideId "4262875"]
[EventDate "2023.02.06"]

1. d4 Nf6 2. c4 e6 3. Nf3 Bb4+ 4. Bd2 Bxd2+ 5. Qxd2 O-O 6. g3 d5 7. Bg2 c6 8.
O-O dxc4 9. a4 b5 10. axb5 cxb5 11. Ng5 Nd5 12. e4 Ne7 13. e5 Nec6 14. Nc3 h6
15. Nge4 Qxd4 16. Qxd4 Nxd4 17. Nf6+ gxf6 18. Bxa8 a6 19. exf6 Nd7 20. Rad1 Nb3
21. Ne4 Nb6 22. Bc6 Na4 23. Rd6 Nxb2 24. g4 b4 25. g5 c3 26. gxh6 Kh7 27. Ng5+
Kxh6 28. Nxf7+ Rxf7 29. Rd8 Bb7 30. Rh8+ Kg5 0-1

[Event "Airthings Masters Div 3 L"]
[Site "chess.com INT"]
[Date "2023.02.06"]
[Round "1.2"]
[White "Theodorou, Nikolas"]
[Black "Sjugirov, Sanan"]
[Result "1-0"]
[WhiteTitle "GM"]
[BlackTitle "GM"]
[WhiteElo "2584"]
[BlackElo "2712"]
[WhiteFideId "4262875"]
[BlackFideId "4189302"]
[EventDate "2023.02.06"]

1. d4 Nf6 2. c4 e6 3. Nf3 d5 4. g3 Bb4+ 5. Bd2 Be7 6. Bg2 O-O 7. O-O c6 8. Qc2
Nbd7 9. Bf4 a5 10. Rd1 h6 11. h4 Re8 12. b3 Ne4 13. Nc3 f5 14. cxd5 Nxc3 15.
dxc6 1-0

[Event "Airthings Masters Div 3 L"]
[Site "chess.com INT"]
[Date "2023.02.06"]
[Round "1.1"]
[White "Tabatabaei, M. Amin"]
[Black "Safarli, Eltaj"]
[Result "1-0"]
[WhiteTitle "GM"]
[BlackTitle "GM"]
[WhiteElo "2677"]
[BlackElo "2608"]
[WhiteFideId "12521213"]
[BlackFideId "13402129"]
[EventDate "2023.02.06"]

1. c4 Nf6 2. Nc3 c5 3. g3 Nc6 4. Bg2 e6 5. Nf3 d5 6. cxd5 Nxd5 7. O-O Be7 8. d4
O-O 9. e4 Nb6 10. d5 exd5 11. exd5 Nb4 12. Ne1 Nc4 13. a3 Na6 14. Nc2 Nd6 15.
Re1 c4 16. Be3 Bf5 17. Nd4 Bd3 18. b4 Bf6 19. Bf1 Bxf1 20. Kxf1 Re8 21. Qf3 Qd7
22. Rad1 Nc7 23. Kg2 a5 24. bxa5 Rxa5 25. a4 Raa8 26. h4 h6 27. Re2 Bxd4 28.
Rxd4 b5 29. axb5 Ncxb5 30. Nxb5 Qxb5 31. Rg4 c3 32. Qf6 Qxd5+ 33. Kh2 Nf5 34.
Bxh6 g6 35. Rxg6+ fxg6 36. Qxg6+ Kh8 37. Rxe8+ Rxe8 38. Qxe8+ Kh7 39. Qh5 Qd3
40. Bf4+ Kg7 41. g4 Nd4 42. Be5+ Kf8 43. Qh8+ Kf7 44. Qf6+ Ke8 45. Bxd4 c2 46.
Qe6+ Kf8 47. Be3 Qd1 48. Bh6# 1-0

[Event "Airthings Masters Div 3 L"]
[Site "chess.com INT"]
[Date "2023.02.06"]
[Round "1.2"]
[White "Safarli, Eltaj"]
[Black "Tabatabaei, M. Amin"]
[Result "1/2-1/2"]
[WhiteTitle "GM"]
[BlackTitle "GM"]
[WhiteElo "2608"]
[BlackElo "2677"]
[WhiteFideId "13402129"]
[BlackFideId "12521213"]
[EventDate "2023.02.06"]

1. e4 e5 2. Nf3 Nc6 3. Bb5 Nf6 4. O-O Nxe4 5. d4 Nd6 6. dxe5 Nxb5 7. a4 Nbd4 8.
Nxd4 d5 9. Nxc6 bxc6 10. Nd2 c5 11. Nb3 Rb8 12. Qf3 h5 13. h3 Be6 14. Rd1 Be7
15. Na5 Qd7 16. c4 c6 17. Be3 g5 18. Nxc6 Qxc6 19. cxd5 g4 20. Qe4 Qb7 21. a5
gxh3 22. a6 Qa8 23. Ra4 Rg8 24. dxe6 Rxg2+ 25. Kh1 Qxe4 26. Rxe4 fxe6 27. b4 Rb5
28. Rc4 Rg4 29. f4 cxb4 30. Rc8+ Kf7 31. Rc7 b3 32. Rb7 Ra5 33. Rdd7 Kf8 34.
Rxe7 Ra1+ 35. Kh2 Ra2+ 36. Kxh3 Rag2 37. Bf2 Rxf2 38. Rf7+ Kg8 39. Rfc7 Rf3+ 40.
Kh2 Rf2+ 41. Kh3 Rf3+ 42. Kh2 Rf2+ 43. Kh3 1/2-1/2

[Event "Airthings Masters Div 3 L"]
[Site "chess.com INT"]
[Date "2023.02.06"]
[Round "1.1"]
[White "Grischuk, Alexander"]
[Black "Drygalov, Sergey"]
[Result "1-0"]
[WhiteTitle "GM"]
[BlackTitle "GM"]
[WhiteElo "2745"]
[BlackElo "2547"]
[WhiteFideId "4126025"]
[BlackFideId "24171743"]
[EventDate "2023.02.06"]

1. d4 Nf6 2. Nf3 d5 3. Bg5 c6 4. e3 Qb6 5. Qc1 Ne4 6. Bf4 Bf5 7. c4 Nd7 8. Nbd2
e6 9. Be2 Be7 10. h3 g5 11. Bh2 h5 12. c5 Qd8 13. Ne5 Nxe5 14. Bxe5 f6 15. Bh2
g4 16. Nxe4 Bxe4 17. f3 gxf3 18. gxf3 Bf5 19. Qc3 b6 20. O-O-O bxc5 21. dxc5 e5
22. e4 Be6 23. f4 d4 24. Qa3 f5 25. Bf3 Qb8 26. exf5 Bd5 27. Bxd5 cxd5 28. fxe5
Qb5 29. e6 Bxc5 30. Qd3 Qb6 31. f6 O-O-O 32. Rhe1 Rde8 33. f7 Re7 34. Qf5 Rf8
35. Qxd5 Rb7 36. Re2 Rd8 37. Qc4 1-0

[Event "Airthings Masters Div 3 L"]
[Site "chess.com INT"]
[Date "2023.02.06"]
[Round "1.2"]
[White "Drygalov, Sergey"]
[Black "Grischuk, Alexander"]
[Result "0-1"]
[WhiteTitle "GM"]
[BlackTitle "GM"]
[WhiteElo "2547"]
[BlackElo "2745"]
[WhiteFideId "24171743"]
[BlackFideId "4126025"]
[EventDate "2023.02.06"]

1. d4 Nf6 2. c4 e6 3. Nf3 d5 4. Nc3 Be7 5. Bf4 O-O 6. e3 Nbd7 7. c5 Ne4 8. Bd3
f5 9. h4 c6 10. Ng5 Nxg5 11. hxg5 Bxg5 12. Qh5 h6 13. O-O-O b6 14. Bd6 Be7 15.
Bf4 Bg5 16. cxb6 axb6 17. g4 Bxf4 18. gxf5 Nf6 19. Qg6 Bg5 20. f4 Bd7 21. fxe6
Be8 22. Qf5 Ne4 23. Qe5 Bf6 24. Qf5 Bxd4 25. Qh3 Bxc3 26. Bxe4 Qf6 0-1

[Event "Airthings Masters Div 3 L"]
[Site "chess.com INT"]
[Date "2023.02.06"]
[Round "1.1"]
[White "Vasquez Schroeder, Rodrigo"]
[Black "Nesterov, Arseniy"]
[Result "0-1"]
[WhiteTitle "GM"]
[BlackTitle "GM"]
[WhiteElo "2513"]
[BlackElo "2568"]
[WhiteFideId "3400042"]
[BlackFideId "24198455"]
[EventDate "2023.02.06"]

1. d4 d5 2. c4 e6 3. Nf3 Nf6 4. Nc3 c6 5. Bg5 dxc4 6. e4 b5 7. e5 h6 8. Bh4 g5
9. Nxg5 hxg5 10. Bxg5 Be7 11. exf6 Bxf6 12. Bxf6 Qxf6 13. Qd2 Na6 14. O-O-O Bb7
15. Ne4 Qe7 16. Qa5 Rd8 17. Be2 Qb4 18. Qxb4 Nxb4 19. Nc5 Bc8 20. a3 Nd5 21. Bf3
Ke7 22. h4 a5 23. g3 c3 24. b3 b4 25. axb4 axb4 26. Rhe1 Bd7 27. Kc2 Ra8 28. Ra1
Kd6 29. Nd3 Rhb8 30. Rxa8 Rxa8 31. Bxd5 exd5 32. Nxb4 c5 33. dxc5+ Kxc5 34. Nd3+
Kd4 35. Nc1 Bf5+ 36. Kd1 Ra1 37. Ke2 Rb1 38. Kf3 c2 39. g4 Be4+ 40. Ke2 Kc3 41.
f3 Bh7 42. f4 d4 43. f5 Rxc1 44. Rxc1 d3+ 45. Ke3 d2 0-1

[Event "Airthings Masters Div 3 L"]
[Site "chess.com INT"]
[Date "2023.02.06"]
[Round "1.2"]
[White "Nesterov, Arseniy"]
[Black "Vasquez Schroeder, Rodrigo"]
[Result "1-0"]
[WhiteTitle "GM"]
[BlackTitle "GM"]
[WhiteElo "2568"]
[BlackElo "2513"]
[WhiteFideId "24198455"]
[BlackFideId "3400042"]
[EventDate "2023.02.06"]

1. d4 Nf6 2. c4 e6 3. Nf3 b6 4. g3 Bb7 5. Bg2 Bb4+ 6. Bd2 c5 7. O-O O-O 8. a3
Bxd2 9. Nbxd2 cxd4 10. Nxd4 Bxg2 11. Kxg2 Qc7 12. Rc1 Qb7+ 13. N2f3 a6 14. Kg1
d6 15. b4 Rd8 16. a4 Rc8 17. Nb3 d5 18. cxd5 Nxd5 19. Rxc8+ Qxc8 20. Qd2 Qc3 21.
Rc1 1-0

[Event "Airthings Masters Div 3 L"]
[Site "chess.com INT"]
[Date "2023.02.06"]
[Round "1.1"]
[White "Le, Quang Liem"]
[Black "Oparin, Grigoriy"]
[Result "1/2-1/2"]
[WhiteTitle "GM"]
[BlackTitle "GM"]
[WhiteElo "2728"]
[BlackElo "2667"]
[WhiteFideId "12401137"]
[BlackFideId "24125890"]
[EventDate "2023.02.06"]

1. d4 Nf6 2. c4 e6 3. Nf3 d5 4. cxd5 exd5 5. Nc3 c6 6. Bf4 Bf5 7. e3 Be7 8. h3
Nbd7 9. g4 Bg6 10. Nh4 Ne4 11. Nxg6 hxg6 12. Qc2 Qa5 13. Bg2 f5 14. O-O O-O 15.
Nxe4 fxe4 16. f3 g5 17. Bg3 exf3 18. Bxf3 Rf6 19. Bg2 Raf8 20. Rxf6 Rxf6 21. a3
Bd6 22. Bxd6 Rxd6 23. Rf1 Qd8 24. Rf5 g6 25. Rf2 Kg7 26. Qb3 Qb6 27. Qxb6 axb6
28. a4 Re6 29. Re2 Nf6 30. Kf2 Kf7 31. Ke1 Ke7 32. Kd2 Rd6 33. Kd3 Rd8 34. b3
Ke6 35. Kc3 Rf8 36. e4 dxe4 37. Bxe4 Kd6 38. Bg2 Nd7 39. Kd3 Rf4 40. Be4 Nf8 41.
Ke3 Rf1 42. Rd2 Re1+ 43. Kf3 Rh1 44. Kg3 Re1 45. Kf3 Rh1 46. Kg3 Re1 47. Kf3 1/2-1/2

[Event "Airthings Masters Div 3 L"]
[Site "chess.com INT"]
[Date "2023.02.06"]
[Round "1.2"]
[White "Oparin, Grigoriy"]
[Black "Le, Quang Liem"]
[Result "1/2-1/2"]
[WhiteTitle "GM"]
[BlackTitle "GM"]
[WhiteElo "2667"]
[BlackElo "2728"]
[WhiteFideId "24125890"]
[BlackFideId "12401137"]
[EventDate "2023.02.06"]

1. d4 Nf6 2. c4 e6 3. Nc3 Bb4 4. a3 Bxc3+ 5. bxc3 c5 6. f3 Nc6 7. e4 O-O 8. Ne2
d6 9. Ng3 h6 10. Be3 b6 11. Bd3 Ba6 12. O-O Rc8 13. f4 cxd4 14. cxd4 Na5 15. e5
Ne8 16. f5 dxe5 17. fxe6 Bxc4 18. exf7+ Rxf7 19. Rxf7 Bxf7 20. dxe5 Nc4 21. Qe2
Nxe5 22. Bf5 Rc6 23. Re1 Nc4 24. Bf2 Nf6 25. a4 Rd6 26. h3 Rd5 27. Be6 Bxe6 28.
Qxe6+ Kh8 29. Nf5 Qd7 30. Nxh6 Qxe6 31. Rxe6 Kh7 32. Nf7 Kg8 33. Re7 Rd7 34.
Rxd7 Nxd7 35. Nd8 Nb2 36. a5 bxa5 37. Bxa7 a4 38. Nc6 Nd3 39. Bd4 a3 40. Kf1 a2
41. Ke2 Nc1+ 42. Kd1 Nb3 43. Bb2 a1=Q+ 44. Bxa1 Nxa1 45. Nd4 Nc5 46. Ke2 Nab3
47. Nf5 Ne6 48. Ke3 Kf7 49. h4 Kf6 50. g4 Nbc5 51. Ng3 Ke5 52. g5 Nb7 53. Kf3
Nd6 54. Kg4 Nc4 55. h5 Ne3+ 56. Kf3 Nf5 57. h6 g6 58. Kg4 Nd6 59. h7 Nf7 60. Ne2
Ke4 61. Ng3+ Ke5 62. Ne2 Nh8 63. Ng1 Nf8 64. Nf3+ Ke4 65. Nd2+ Kd4 66. Nf3+ Kd5
67. Nh4 Nxh7 68. Nxg6 Nxg6 69. Kf5 Nhf8 70. Kf6 Ke4 71. Kg7 Kf5 72. Kf7 Ne6 73.
Ke8 Ke5 74. Kd7 Kd5 75. Ke8 Nef4 76. Kf7 Ke5 77. Kg7 Ke6 78. Kh6 Kf7 79. Kh7 Ne6
80. Kh6 Nef4 81. Kh7 Kf8 82. Kh6 Ke7 83. Kg7 Ke6 84. Kh6 Kf5 85. Kg7 Nd5 86. Kf7
Nde7 87. Ke8 Ke6 88. Kd8 Nd5 89. Ke8 Nc7+ 90. Kd8 Kd6 91. Kc8 Ne6 92. Kb7 Kc5
93. Ka6 Nd4 94. Ka5 Nc6+ 95. Ka4 Kc4 96. Ka3 Nb4 97. Ka4 Nc6 98. Ka3 Nb4 99. Ka4
Kc5 100. Ka5 Nd5 101. Ka4 Kb6 102. Ka3 Kb5 103. Kb3 Kc5 104. Ka4 Kb6 105. Ka3
Ka5 106. Kb3 Kb5 107. Ka3 Kc4 108. Ka4 Nb4 109. Ka5 Kc5 110. Ka4 Nc6 111. Ka3
Kd4 112. Kb3 Kd3 113. Ka3 Kc3 114. Ka4 Kc4 1/2-1/2

[Event "Airthings Masters Div 3 L"]
[Site "chess.com INT"]
[Date "2023.02.06"]
[Round "1.3"]
[White "Le, Quang Liem"]
[Black "Oparin, Grigoriy"]
[Result "1/2-1/2"]
[WhiteTitle "GM"]
[BlackTitle "GM"]
[WhiteElo "2728"]
[BlackElo "2667"]
[WhiteFideId "12401137"]
[BlackFideId "24125890"]
[EventDate "2023.02.06"]

1. e4 e5 2. Nf3 Nc6 3. Bc4 Nf6 4. d3 Bc5 5. O-O d6 6. c3 h6 7. Re1 O-O 8. h3 Bb6
9. a4 a5 10. Bb3 Be6 11. Bc2 Ne7 12. d4 Ng6 13. Be3 c6 14. Nbd2 Qc7 15. Nf1 Rad8
16. Qc1 Nh5 17. b4 Nhf4 18. Ng3 Rfe8 19. Qb2 exd4 20. Nxd4 d5 21. b5 dxe4 22.
bxc6 Bxd4 23. cxd4 bxc6 24. Bxe4 Bd5 25. Bxd5 Nxd5 26. Bd2 Ngf4 27. Qa3 Rxe1+
28. Rxe1 Nb4 29. Nf5 Nc2 30. Qg3 Ne6 31. Nxh6+ Kf8 32. Re5 Ncxd4 33. Bxa5 Ne2+
34. Rxe2 Qxa5 35. Nxf7 Kxf7 36. Qf3+ Ke7 37. Qg4 Qd5 38. Qxg7+ Kd6 39. Qg3+ Kd7
40. Re5 Qd1+ 41. Kh2 Qxa4 42. Qd3+ Qd4 43. Qe2 Qd6 44. g3 Rf8 45. f4 Rb8 46. h4
Qd4 47. Kh3 Rb2 48. Qg4 Qc4 49. Qd1+ Kc7 50. Qe1 Nxf4+ 51. gxf4 Qxf4 52. Qa5+
Kd6 53. Qc5+ Kd7 54. Qa7+ Kd8 55. Qa8+ Kc7 56. Qa7+ Kd8 57. Qe7+ Kc8 58. Qe8+
Kc7 59. Qe7+ Kc8 60. Qe8+ Kc7 61. Re7+ Kb6 62. Qd8+ Kc5 63. Qa5+ Rb5 64. Qc3+
Kb6 65. Qe3+ Qxe3+ 66. Rxe3 c5 67. h5 c4 68. Kg4 Rb3 69. Re6+ Kc5 70. h6 Rb8 71.
h7 Rh8 72. Re7 c3 73. Kf5 c2 74. Kg6 Kd4 75. Rc7 Kd3 76. Kg7 Rxh7+ 77. Kxh7 Kd2
78. Kg6 c1=Q 79. Rxc1 Kxc1 1/2-1/2

[Event "Airthings Masters Div 3 L"]
[Site "chess.com INT"]
[Date "2023.02.06"]
[Round "1.1"]
[White "Vokhidov, Shamsiddin"]
[Black "Yoo, Christopher Woojin"]
[Result "1/2-1/2"]
[WhiteTitle "GM"]
[BlackTitle "GM"]
[WhiteElo "2601"]
[BlackElo "2589"]
[WhiteFideId "14204223"]
[BlackFideId "30909694"]
[EventDate "2023.02.06"]

1. e4 c6 2. Nf3 d5 3. Nc3 Bg4 4. h3 Bh5 5. Be2 e6 6. d4 Nf6 7. e5 Nfd7 8. Be3 c5
9. dxc5 Bxf3 10. Bxf3 Bxc5 11. Bxc5 Nxc5 12. O-O Nc6 13. Re1 O-O 14. Bg4 Qb6 15.
Rb1 Rfd8 16. Qd2 d4 17. Nd1 Rd5 18. f4 d3 19. Kh2 dxc2 20. Qxc2 Rad8 21. Ne3 Rd2
22. Qc1 Qb4 23. Qc4 Qxc4 24. Nxc4 R2d4 25. Nd6 Rxf4 26. Bf3 Nd4 27. Bxb7 Rb8 28.
Be4 Rf2 29. b4 Nxe4 30. Rxe4 Nf5 31. a4 Nxd6 32. exd6 Rd2 33. Rc4 Rxd6 34. Rbc1
g6 35. Rc8+ Rxc8 36. Rxc8+ Kg7 37. b5 Rd4 38. a5 Ra4 39. a6 Ra5 40. Rb8 e5 41.
Rb7 g5 42. g4 Kg6 43. Kg3 e4 44. Kf2 f5 45. gxf5+ Kxf5 46. Rxa7 Rxb5 47. Rxh7
Rb2+ 48. Ke3 Rb3+ 49. Kd4 Rd3+ 50. Kc5 e3 51. a7 Ra3 52. Kb6 Kf4 53. Kb7 e2 54.
Re7 Kf3 55. a8=Q Rxa8 56. Kxa8 Kf2 57. Rf7+ Kg2 58. Re7 Kf1 59. Rf7+ Kg1 60. Re7
Kf2 61. Rf7+ Kg3 62. Re7 Kf3 63. Kb7 Kf2 64. Rf7+ Kg3 65. Re7 Kf2 66. Rf7+ Kg2
67. Re7 Kf1 68. Rf7+ Kg1 69. Re7 Kf2 1/2-1/2

[Event "Airthings Masters Div 3 L"]
[Site "chess.com INT"]
[Date "2023.02.06"]
[Round "1.2"]
[White "Yoo, Christopher Woojin"]
[Black "Vokhidov, Shamsiddin"]
[Result "1-0"]
[WhiteTitle "GM"]
[BlackTitle "GM"]
[WhiteElo "2589"]
[BlackElo "2601"]
[WhiteFideId "30909694"]
[BlackFideId "14204223"]
[EventDate "2023.02.06"]

1. e4 e5 2. Nf3 Nc6 3. Bc4 Bc5 4. b4 Bxb4 5. c3 Ba5 6. d4 d6 7. Qb3 Qd7 8. O-O
Bb6 9. Bb5 a6 10. Ba4 Ba7 11. Qb2 b5 12. Bc2 Nf6 13. a4 O-O 14. axb5 axb5 15.
Be3 exd4 16. cxd4 Ng4 17. Bf4 Bb7 18. Qxb5 Bb6 19. Nc3 Nb8 20. Qg5 Rxa1 21. Rxa1
f5 22. Nh4 Bxd4 23. Bb3+ d5 24. Nxd5 Bxf2+ 25. Kh1 Kh8 26. Ne7 Rf6 27. Nhxf5 g6
28. Be5 1-0

[Event "Airthings Masters Div 3 L"]
[Site "chess.com INT"]
[Date "2023.02.06"]
[Round "2.1"]
[White "Muradli, Mahammad"]
[Black "Theodorou, Nikolas"]
[Result "1/2-1/2"]
[WhiteTitle "GM"]
[BlackTitle "GM"]
[WhiteElo "2539"]
[BlackElo "2584"]
[WhiteFideId "13409301"]
[BlackFideId "4262875"]
[EventDate "2023.02.06"]

1. d4 Nf6 2. c4 e6 3. Nf3 Bb4+ 4. Bd2 Bxd2+ 5. Qxd2 O-O 6. g3 d5 7. Bg2 c6 8.
O-O dxc4 9. Ne5 b5 10. Rc1 Bb7 11. b3 cxb3 12. axb3 a5 13. Qb2 Qb6 14. Nd2 Rc8
15. e3 Na6 16. Qc3 Nb4 17. Ne4 Nxe4 18. Bxe4 Rc7 19. Nd3 Nxd3 20. Qxd3 g6 21.
Rc5 a4 22. b4 Rd7 23. h4 Re8 24. Qc3 Qd8 25. Rc1 Qf6 26. f4 Rd5 27. Kf2 Qe7 28.
Qa3 Ra8 29. Ke2 Rad8 30. R1c3 Qf6 31. Qc1 Qe7 32. Kd2 Rxc5 33. Rxc5 Rd5 1/2-1/2

[Event "Airthings Masters Div 3 L"]
[Site "chess.com INT"]
[Date "2023.02.06"]
[Round "2.2"]
[White "Theodorou, Nikolas"]
[Black "Muradli, Mahammad"]
[Result "1-0"]
[WhiteTitle "GM"]
[BlackTitle "GM"]
[WhiteElo "2584"]
[BlackElo "2539"]
[WhiteFideId "4262875"]
[BlackFideId "13409301"]
[EventDate "2023.02.06"]

1. d4 Nf6 2. c4 e6 3. Nf3 d5 4. g3 Bb4+ 5. Bd2 Be7 6. Bg2 c6 7. O-O b6 8. Bc3
Nbd7 9. Nbd2 Ba6 10. b3 Rc8 11. a4 c5 12. a5 b5 13. dxc5 dxc4 14. b4 O-O 15. e4
Qc7 16. Qc2 Rfd8 17. e5 Nd5 18. Ne4 Nxc5 19. bxc5 Bxc5 20. Nfg5 Nxc3 21. Nxc5
Qxc5 22. Qxh7+ Kf8 23. Qh8+ Ke7 24. Qxg7 Rf8 25. Nxe6 Kxe6 26. Qf6+ Kd7 27. Qxa6
Rfd8 28. Rfe1 Ke8 29. Qh6 Qf8 30. Bc6+ Rxc6 31. Qxc6+ Ke7 32. e6 Nd5 33. Rad1 1-0

[Event "Airthings Masters Div 3 L"]
[Site "chess.com INT"]
[Date "2023.02.06"]
[Round "2.1"]
[White "Hakobyan, Aram"]
[Black "Tabatabaei, M. Amin"]
[Result "0-1"]
[WhiteTitle "GM"]
[BlackTitle "GM"]
[WhiteElo "2620"]
[BlackElo "2677"]
[WhiteFideId "13306677"]
[BlackFideId "12521213"]
[EventDate "2023.02.06"]

1. d4 Nf6 2. c4 e6 3. Nc3 d5 4. Bg5 Be7 5. Nf3 h6 6. Bxf6 Bxf6 7. e3 O-O 8. Rc1
c6 9. Bd3 Nd7 10. O-O Qe7 11. Qc2 dxc4 12. Bxc4 e5 13. d5 Nb6 14. dxc6 bxc6 15.
Bd3 Bg4 16. Bh7+ Kh8 17. Be4 Rac8 18. h3 Be6 19. Rfd1 g6 20. Na4 Bg7 21. Nc5 f5
22. Nh4 Qxh4 23. Nxe6 Rf6 24. Nc5 fxe4 25. Nxe4 Rff8 26. Nd6 Rcd8 27. Qxg6 Qxf2+
28. Kh2 Nd5 29. Rxc6 Rf6 30. Qe4 Rfxd6 31. Rxd6 Rxd6 32. Rxd5 Rxd5 33. Qxd5 Qxe3 0-1

[Event "Airthings Masters Div 3 L"]
[Site "chess.com INT"]
[Date "2023.02.06"]
[Round "2.2"]
[White "Tabatabaei, M. Amin"]
[Black "Hakobyan, Aram"]
[Result "1/2-1/2"]
[WhiteTitle "GM"]
[BlackTitle "GM"]
[WhiteElo "2677"]
[BlackElo "2620"]
[WhiteFideId "12521213"]
[BlackFideId "13306677"]
[EventDate "2023.02.06"]

1. d4 g6 2. e4 Bg7 3. Nf3 Nf6 4. e5 Ne4 5. Bd3 d5 6. exd6 Nxd6 7. O-O Bg4 8. c3
Nd7 9. h3 Bxf3 10. Qxf3 e5 11. dxe5 Nxe5 12. Qg3 O-O 13. Bf4 Re8 14. Nd2 Bf6 15.
Bxe5 Bxe5 16. Qf3 Qh4 17. Rfe1 Re7 18. Re2 Rae8 19. Rae1 c6 20. Qg4 Qh6 21. Nf3
Bf6 22. Qb4 Rxe2 23. Bxe2 Re6 24. Bf1 Rxe1 25. Nxe1 Be7 26. Qd4 a6 27. Qd1 Nf5
28. Bd3 Qf4 29. Nf3 Bc5 30. Qd2 Ne3 31. Kh1 Nd5 32. Kg1 Qf6 33. Qg5 Qd6 34. Qe5
Qd8 35. Bc4 Qb6 36. Qe8+ Kg7 37. Qe5+ Nf6 38. Qe2 Qc7 39. Bb3 Qf4 40. Qd2 Qf5
41. Bc2 Qe6 42. Bb3 Qf5 43. Bc2 Qe6 44. Bb3 Qe7 45. Ng5 Nd5 46. Bxd5 cxd5 47. a3
h6 48. Nf3 Qe4 49. Nd4 Qb1+ 50. Kh2 Bd6+ 51. g3 Qe4 52. Kg1 h5 53. h4 a5 54. a4
Be5 55. Qd1 Bd6 56. Qf1 Bc5 57. Qd1 b6 58. Kh2 Kf6 59. Kg1 Kg7 60. Kh2 Kh7 61.
Kg1 Kg8 62. Kh2 Kg7 63. Kg1 Kf6 64. Kh2 Ke5 65. Nc6+ Kd6 66. Nd4 f6 67. Kg1 Ke7
68. Kh2 Kf7 69. Qd2 Kg7 70. Kg1 Qg4 71. Qe3 Kf7 72. Qh6 Bxd4 73. Qh7+ Ke6 74.
cxd4 Qd1+ 75. Kg2 Qxd4 76. Qxg6 Qe4+ 77. Qxe4+ dxe4 78. f3 f5 79. Kf2 Kd5 80.
Ke3 Ke5 81. b3 Kd5 82. fxe4+ fxe4 83. g4 hxg4 84. h5 Ke5 85. h6 Kf6 86. Kxe4 Kg6
87. Kf4 Kxh6 88. Kxg4 Kg6 89. Kf4 Kf6 90. Ke4 Ke6 91. Kd4 Kd6 92. Kc4 Kc6 93. b4
axb4 94. Kxb4 Kc7 95. a5 bxa5+ 96. Kxa5 1/2-1/2

[Event "Airthings Masters Div 3 L"]
[Site "chess.com INT"]
[Date "2023.02.06"]
[Round "2.1"]
[White "Svidler, Peter"]
[Black "Iniyan, P"]
[Result "1-0"]
[WhiteTitle "GM"]
[BlackTitle "GM"]
[WhiteElo "2683"]
[BlackElo "2514"]
[WhiteFideId "4102142"]
[BlackFideId "25002767"]
[EventDate "2023.02.06"]

1. e4 c5 2. Nf3 d6 3. d4 cxd4 4. Nxd4 Nf6 5. Nc3 a6 6. Bd3 e5 7. Nde2 Be7 8. O-O
O-O 9. Ng3 Bg4 10. Be2 Be6 11. f4 exf4 12. Bxf4 d5 13. e5 Nfd7 14. Nxd5 Nxe5 15.
Nxe7+ Qxe7 16. Bxe5 Rd8 17. Bd3 Qc5+ 18. Kh1 Qxe5 19. Bxh7+ Kxh7 20. Qxd8 1-0

[Event "Airthings Masters Div 3 L"]
[Site "chess.com INT"]
[Date "2023.02.06"]
[Round "2.2"]
[White "Iniyan, P"]
[Black "Svidler, Peter"]
[Result "1/2-1/2"]
[WhiteTitle "GM"]
[BlackTitle "GM"]
[WhiteElo "2514"]
[BlackElo "2683"]
[WhiteFideId "25002767"]
[BlackFideId "4102142"]
[EventDate "2023.02.06"]

1. d4 Nf6 2. c4 g6 3. g3 c6 4. Bg2 d5 5. Nf3 Bg7 6. O-O dxc4 7. Ne5 Ng4 8. Nxc4
Qxd4 9. Qb3 O-O 10. h3 Ne5 11. Nba3 Nxc4 12. Nxc4 b5 13. Na5 Be6 14. Qc2 Bf5 15.
e4 Be6 16. Rd1 Qb6 17. Nb3 Na6 18. Be3 c5 19. Nxc5 Nxc5 20. Bxc5 Rac8 21. Rac1
Qa5 22. a3 Rc7 23. Qb1 Rfc8 24. Bb4 Qb6 25. Rxc7 Qxc7 26. f4 Bb3 27. Rd2 a5 28.
Bc3 1/2-1/2

[Event "Airthings Masters Div 3 L"]
[Site "chess.com INT"]
[Date "2023.02.06"]
[Round "2.1"]
[White "Dreev, Aleksey"]
[Black "Grischuk, Alexander"]
[Result "1/2-1/2"]
[WhiteTitle "GM"]
[BlackTitle "GM"]
[WhiteElo "2606"]
[BlackElo "2745"]
[WhiteFideId "4100107"]
[BlackFideId "4126025"]
[EventDate "2023.02.06"]

1. d4 g6 2. e4 Bg7 3. Nf3 d6 4. Nc3 Nf6 5. Be3 a6 6. Qd2 b5 7. Bh6 O-O 8. Bxg7
Kxg7 9. Bd3 Nc6 10. Ne2 e5 11. O-O Nxd4 12. Nfxd4 exd4 13. a4 Bb7 14. axb5 axb5
15. Nxd4 Bxe4 16. Nxb5 Qd7 17. Rxa8 Bxa8 18. Qc3 c5 19. Re1 Rc8 20. Bf1 d5 21.
b3 Bb7 22. Na7 Rc7 23. Nb5 Rc8 24. Na7 Rc7 25. Nb5 Rc8 1/2-1/2

[Event "Airthings Masters Div 3 L"]
[Site "chess.com INT"]
[Date "2023.02.06"]
[Round "2.2"]
[White "Grischuk, Alexander"]
[Black "Dreev, Aleksey"]
[Result "0-1"]
[WhiteTitle "GM"]
[BlackTitle "GM"]
[WhiteElo "2745"]
[BlackElo "2606"]
[WhiteFideId "4126025"]
[BlackFideId "4100107"]
[EventDate "2023.02.06"]

1. d4 d5 2. Nf3 Nf6 3. Bg5 Ne4 4. Bh4 f6 5. Nfd2 Nd6 6. f4 g6 7. e3 Bg7 8. c4
Nf5 9. Bf2 e5 10. cxd5 exf4 11. e4 Ne3 12. Bxe3 fxe3 13. Nf3 c6 14. Bc4 f5 15.
Qd3 fxe4 16. Qxe4+ Qe7 17. Nc3 Qxe4 18. Nxe4 cxd5 19. Bxd5 Nc6 20. Bxc6+ bxc6
21. Ke2 O-O 22. Kxe3 Bf5 23. Nd6 Be6 24. Rhe1 Bd5 25. Ne4 Rab8 26. b3 a5 27. Kd3
a4 28. bxa4 Rb2 29. Nfd2 Rd8 30. Kc3 Rb7 31. Nf3 Ra7 32. Ne5 Rxa4 33. Nc5 Ra3+
34. Kb4 Rda8 35. Nc4 Bxd4 36. Nxa3 Rb8+ 37. Ka4 Bxc5 0-1

[Event "Airthings Masters Div 3 L"]
[Site "chess.com INT"]
[Date "2023.02.06"]
[Round "2.1"]
[White "Matlakov, Maxim"]
[Black "Nesterov, Arseniy"]
[Result "1-0"]
[WhiteTitle "GM"]
[BlackTitle "GM"]
[WhiteElo "2662"]
[BlackElo "2568"]
[WhiteFideId "4168003"]
[BlackFideId "24198455"]
[EventDate "2023.02.06"]

1. d4 d5 2. c4 e6 3. Nf3 Nf6 4. g3 dxc4 5. Bg2 Nc6 6. Qa4 Bb4+ 7. Nc3 Bd7 8. O-O
O-O 9. Bg5 a5 10. Bxf6 Qxf6 11. a3 Bxc3 12. bxc3 Nxd4 13. Qxd7 Nxe2+ 14. Kh1
Nxc3 15. Qxc7 b5 16. Nd2 Nd5 17. Qc5 Qb2 18. Bxd5 exd5 19. Nf3 Rfd8 20. Rab1 Qc3
21. Kg2 Rac8 22. Qxb5 Qxa3 23. Nd4 Qc5 24. Rfd1 g6 25. Qa6 c3 26. Rbc1 Qb4 27.
Qf6 a4 28. h4 Qc4 29. h5 Qc5 30. h6 Qf8 31. Rd3 Qxh6 32. Nf5 Qf8 33. Ne7+ 1-0